| 000 | 00579nam a2200229 a 4500 | ||
|---|---|---|---|
| 999 |
_c5492 _d5492 |
||
| 001 | 5492 | ||
| 003 | BD-JhCC | ||
| 005 | 20171218122708.0 | ||
| 008 | 171217s2002 ii ||||| |||| 00| 0 eng d | ||
| 035 | _a(BD-JhCC)5492 | ||
| 040 |
_aBD-JhCC _dBD-JhCC |
||
| 041 | _aeng | ||
| 082 |
_a512 _bHAL 2002 |
||
| 100 | _aHall, H.S | ||
| 245 |
_aHigher Algebra / _cH.S. Hall, S.R. Knight |
||
| 260 |
_aDelhi : _bA.I.T.B.S. Publishers & Distrbutors (Regd.), _c2002. |
||
| 300 |
_a556 p. : _c21 cm. |
||
| 650 | _aAlgebra | ||
| 700 | _aKnight, S.R. | ||
| 942 |
_2ddc _cBK |
||